[Event "World Blitz"]
[Site "Moscow RUS"]
[Date "2009.11.16"]
[Round "3"]
[White "Kramnik,V"]
[Black "Anand,V"]
[Result "1/2-1/2"]
[WhiteElo "2772"]
[BlackElo "2788"]

1.Nf3 c5 2.c4 Nf6 3.g3 g6 4.Bg2 Bg7 5.Nc3 Nc6 6.d4 cxd4 7.Nxd4 O-O 8.O-O Nxd4
9.Qxd4 d6 10.Qd3 Be6 11.Bd2 Qd7 12.Rfd1 Ng4 13.b3 Ne5 14.Qe4 Rab8 15.Rac1 Bf5
16.Qh4 Bf6 17.Bg5 Bxg5 18.Qxg5 b6 19.Nd5 f6 20.Qe3 Rfe8 21.f4 Nf7 22.Qc3 Be6
23.e4 Bxd5 24.exd5 f5 25.Re1 b5 26.Bf1 b4 27.Qd2 a5 28.Re3 Nd8 29.Rce1 Nb7
30.h4 Nc5 31.h5 Kf7 32.Re6 Rb7 33.Qh2 Rg8 34.hxg6+ hxg6 35.g4 Qd8 36.gxf5 gxf5+
37.Bg2 Rh8 38.Rh6 Rxh6 39.Qxh6 Qg8 40.Re3 Qg6 41.Qh8 Qg7 42.Qh5+ Qg6 43.Qh4 Qg4
44.Qh7+ Ke8 45.Qh6  1/2-1/2

[Event "World Blitz"]
[Site "Moscow RUS"]
[Date "2009.11.18"]
[Round "39"]
[White "Tkachiev,V"]
[Black "Kramnik,V"]
[Result "1/2-1/2"]
[WhiteElo "2642"]
[BlackElo "2772"]

1.d4 Nf6 2.c4 e6 3.g3 d5 4.Bg2 Bb4+ 5.Bd2 Be7 6.Nf3 c6 7.Qc2 O-O 8.O-O Nbd7
9.Rd1 b6 10.Bf4 Bb7 11.Ne5 Rc8 12.Nc3 dxc4 13.Nxc4 Nd5 14.Bd6 Ba6 15.Ne4 c5
16.Qa4 Bxc4 17.Qxc4 N7f6 18.Nxf6+ Nxf6 19.Be5 cxd4 20.Qxd4 Qe8 21.Rac1 Bc5
22.Qh4 Qe7 23.a3 a5 24.Rc4 Rfd8 25.Rdc1 a4 26.Bf3 Rd2 27.Kg2 Rcd8 28.Rxa4 h6
29.Rac4 R2d7 30.b4 Bd6 31.Bxf6 Qxf6 32.Qxf6 gxf6 33.Rc6 Ra7 34.Rd1 Be7 35.Rxd8+ Bxd8
36.Rc8 Rd7 37.a4 Kg7 38.Ra8 Rd4 39.a5 bxa5 40.bxa5 Bc7 41.Ra7 Bd6 42.Bh5 Ra4
43.Rxf7+ Kg8 44.Rd7 Rxa5 45.Bf7+ Kf8 46.Bxe6 Be7 47.Bc4 Rc5 48.Bd3 Kf7 49.e3 Ke6
50.Rb7 Ra5 51.Rb6+ Bd6 52.Bc4+ Kd7 53.Rb7+ Bc7 54.Rb4 Ke7 55.Bd3 Rd5 56.Be2 Rd2
57.Kf1 Kf8 58.Rb7 Rc2 59.Bd3 Rc3 60.Be4 Rc5 61.Kg2 Rc3 62.Kf3 Rc4 63.Bd5 Rc2
64.Ke4 Ke7 65.h4 Kd6 66.Ra7 Rxf2 67.g4 Kd7 68.Ra6 Bd6 69.Ra7+ Bc7 70.Bc4 Rh2
71.h5 Rf2 72.Bb5+ Kd6 73.Ra6+ Ke7 74.Bc4 Be5 75.Re6+ Kd7 76.Ra6 Rc2 77.Bd5 Rc5
78.Ra8 Bb2 79.Rg8 Bc1 80.Rg6 Bxe3 81.Be6+ Kxe6 82.Kxe3  1/2-1/2

[Event "19th Amber Blindfold"]
[Site "Nice FRA"]
[Date "2010.03.24"]
[Round "10"]
[White "Ivanchuk,V"]
[Black "Kramnik,V"]
[Result "1/2-1/2"]
[WhiteElo "2748"]
[BlackElo "2790"]

1.e4 e5 2.Nf3 Nf6 3.Nxe5 d6 4.Nf3 Nxe4 5.d4 d5 6.Bd3 Nc6 7.O-O Be7 8.c4 Nb4
9.Be2 O-O 10.Nc3 Bf5 11.a3 Nxc3 12.bxc3 Nc6 13.Re1 Re8 14.cxd5 Qxd5 15.Bf4 Rac8
16.h3 h6 17.g4 Bg6 18.Bd3 Bxd3 19.Qxd3 Bd6 20.c4 Qa5 21.Be3 Rcd8 22.Qc2 Bf8
23.Kg2 Qa6 24.a4 Nb4 25.Qb3 Qg6 26.Rad1 Nc2 27.Re2 Nxe3+ 28.fxe3 b6 29.Qb1 Qc6
30.Qb5 Qb7 31.d5 a6 32.Qb3 c6 33.e4 cxd5 34.cxd5 Rc8 35.e5 b5 36.axb5 axb5
37.d6 Rc4 38.Qd3 Qd7 39.Qf5 Rd8 40.Qxd7 Rxd7 41.e6 Rxd6 42.Rxd6 Bxd6 43.e7 Bxe7
44.Rxe7 b4 45.Rb7 Re4 46.Kf2 g5 47.Kg3 Kg7 48.Rb6 f6 49.h4 h5 50.gxh5 gxh4+
51.Nxh4 Re5 52.Rb7+ Kh6 53.Kf4 Rc5 54.Nf5+ Kxh5 55.Rxb4 Kg6 56.Nh4+ Kh5 57.Nf5 Kg6
58.Ne3 Ra5 59.Rb6 Ra4+ 60.Kf3 Rd4 61.Ng2 Ra4 62.Nf4+ Kg5 63.Rb5+ f5 64.Ng2 Ra8
65.Ne3 Rf8 66.Rb7 Rf6 67.Rb8 Ra6 68.Rd8 Rh6 69.Rd5 Rf6 70.Kg3 Rf8 71.Ra5 Rf7
72.Ng2 Rb7 73.Nh4 Rb3+ 74.Nf3+ Kg6 75.Ra6+ Kh5 76.Rf6 Rb5 77.Rf8 Kg6 78.Nd4 Re5
79.Kf3 Re7 80.Ra8 Kg5 81.Ra6 Re1 82.Ra5 Kg6 83.Nxf5 Rf1+ 84.Ke4 Re1+ 85.Ne3 Kf6
86.Ra6+ Ke7 87.Kd4 Kd7 88.Nf5 Rd1+ 89.Ke5 Re1+ 90.Kd5 Rd1+ 91.Nd4 Ke7 92.Rb6 Kf7
93.Rc6 Ke7 94.Re6+ Kf7 95.Re4 Kf6 96.Kd6 Rd3 97.Rg4 Rd1 98.Kd5 Rf1 99.Rg2 Rd1
100.Rf2+ Ke7 101.Ke5 Re1+ 102.Ne2 Kd7 103.Kd5 Rd1+ 104.Nd4 Ke7 105.Rf4 Ke8
106.Kd6 Rd3 107.Rh4 Kf7 108.Ke5 Rd1 109.Nf3 Rf1 110.Rh7+ Kg6 111.Rh3 Kf7
112.Kf5 Ke7  1/2-1/2

[Event "19th Amber Rapid"]
[Site "Nice FRA"]
[Date "2010.03.25"]
[Round "11"]
[White "Karjakin,Sergey"]
[Black "Kramnik,V"]
[Result "1-0"]
[WhiteElo "2725"]
[BlackElo "2790"]

1.e4 d6 2.d4 Nf6 3.Nc3 g6 4.f4 Bg7 5.Nf3 O-O 6.Bd3 Na6 7.O-O c5 8.d5 Rb8
9.h3 Nc7 10.a4 a6 11.a5 b5 12.axb6 Rxb6 13.Na4 Rb8 14.c4 e6 15.Qc2 exd5 16.exd5 Nfxd5
17.cxd5 Nxd5 18.Qf2 Rb4 19.f5 Nf4 20.Bc2 Re8 21.Nc3 Bb7 22.Ra4 Bxc3 23.Bxf4 Rxb2
24.Bc1 Rb4 25.Rxb4 cxb4 26.fxg6 hxg6 27.Ng5 f5 28.Bxf5 Qf6 29.Be6+ Kg7 30.Qe2 Qd4+
31.Be3 Qe5 32.Rf7+ Kg8 33.Rxb7+  1-0

[Event "Presidents Cup"]
[Site "Baku AZE"]
[Date "2010.04.30"]
[Round "4"]
[White "Kramnik,V"]
[Black "Guseinov,G"]
[Result "1/2-1/2"]
[WhiteElo "2790"]
[BlackElo "2609"]

1.d4 Nf6 2.c4 g6 3.Nc3 Bg7 4.e4 d6 5.Nf3 O-O 6.h3 c5 7.d5 e6 8.Bd3 exd5 9.exd5 Re8+
10.Be3 Bh6 11.O-O Bxe3 12.fxe3 Nbd7 13.Qd2 Qe7 14.e4 Ne5 15.Nxe5 Qxe5 16.Qf2 Kg7
17.Rae1 Rf8 18.Re3 Nd7 19.Nb5 Qe7 20.b4 b6 21.bxc5 bxc5 22.Rf3 Ne5 23.Rf6 Nxd3
24.Qe3 Ne5 25.Nxd6 Kg8 26.Qxc5 Ba6 27.Qa3 Nxc4 28.Qxa6 Nxd6 29.Rxd6 Qxe4
30.Rd7 Rab8 31.Qf6 Rb1 32.Kh2 Rxf1 33.Qxf1 Qe5+ 34.Kh1 a5 35.a4 h5 36.Qd1 Re8
37.d6 Qe1+ 38.Qxe1 Rxe1+ 39.Kh2 h4 40.Ra7 Rd1 41.Rxa5 Rxd6 42.Rb5 Rd1 43.Rb4 g5  1/2-1/2

[Event "Shanghai Masters"]
[Site "Shanghai CHN"]
[Date "2010.09.07"]
[Round "5"]
[White "Aronian,L"]
[Black "Kramnik,V"]
[Result "0-1"]
[WhiteElo "2783"]
[BlackElo "2780"]

1.d4 Nf6 2.Nf3 d5 3.c4 e6 4.g3 dxc4 5.Bg2 Nc6 6.Qa4 Bb4+ 7.Bd2 Nd5 8.Bxb4 Nxb4
9.Nc3 Bd7 10.O-O a5 11.Qd1 O-O 12.e3 a4 13.Qe2 Na5 14.Ne5 Nd5 15.Nxd5 exd5
16.Bxd5 Bh3 17.Qf3 Bxf1 18.Bxf7+ Kh8 19.Rxf1 Nc6 20.Nxc6 bxc6 21.Qh5 Rb8
22.Bxc4 Rxb2 23.Bd3 g6 24.Bxg6 Qe7 25.Bb1 Qf7 26.Qc5 Rxf2 27.Qe5+ Rf6 28.Rf4 Qg7
29.Bf5 Rd6 30.Bc2 Rxf4 31.Qxf4 a3 32.g4 Qe7 33.g5 c5 34.dxc5 Rd2 35.Bb3 Kg7
36.h4 Rd3 37.Kg2 Rxe3 38.Qd4+ Re5 39.Bd5 c6 40.Kg3 h6 41.gxh6+ Kxh6 42.Qf4+ Kh7
43.Bxc6 Rxc5 44.Qe4+ Qxe4 45.Bxe4+ Kg7 46.Kf4 Kf6 47.Ke3 Ke5 48.Kd3 Rb5 49.Kc4 Rb2
50.Bh7 Rh2 51.h5 Rxh5 52.Bc2 Rh2 53.Kb3 Kd4 54.Bg6 Rh4 55.Kb4 Rh6 56.Bf7 Ra6
57.Bg8 Ra7 58.Be6 Kd3 59.Bb3 Kd2 60.Ba4 Rb7+ 61.Kc4 Kc1 62.Kc3 Kb1 63.Bb3 Rc7+
64.Kd3 Kb2 65.Kd2 Rd7+ 66.Ke3 Kc3 67.Bg8 Re7+ 68.Kf2 Kd2 69.Kf3 Kd3 70.Kf2 Re2+
71.Kf3 Re8  0-1

[Event "VI World Blitz"]
[Site "Moscow RUS"]
[Date "2010.11.16"]
[Round "5.2"]
[White "Caruana,F"]
[Black "Kramnik,V"]
[Result "1-0"]
[WhiteElo "2709"]
[BlackElo "2791"]

1.d4 d6 2.e4 Nf6 3.Nc3 g6 4.Be3 a6 5.Be2 Bg7 6.h4 h5 7.f3 b5 8.Qd2 Nbd7 9.Nh3 Nb6
10.Ng5 O-O 11.a4 b4 12.Nd1 a5 13.Nf2 c5 14.O-O cxd4 15.Bxd4 e5 16.Be3 d5
17.Bc5 Re8 18.Bb5 Nbd7 19.Nd3 Ba6 20.Bf2 Bxb5 21.axb5 d4 22.f4 Ng4 23.fxe5 Ndxe5
24.Bg3 Nc4 25.Qe2 f6 26.Nf3 Nce3 27.Rfe1 Rc8 28.Rac1 Rxe4 29.Nd2 Re8 30.Qf3 Qb6
31.Ne4 f5 32.Nd6 Red8 33.Nxc8 Rxc8 34.Nf4 Qxb5 35.Nxg6 Qe8 36.Nf4 Be5 37.Nd5  1-0

[Event "VI World Blitz"]
[Site "Moscow RUS"]
[Date "2010.11.17"]
[Round "18.3"]
[White "Kramnik,V"]
[Black "Andreikin,D"]
[Result "1-0"]
[WhiteElo "2791"]
[BlackElo "2683"]

1.Nf3 Nf6 2.c4 c5 3.g3 g6 4.Bg2 Bg7 5.d4 cxd4 6.Nxd4 Nc6 7.Nc3 Nxd4 8.Qxd4 O-O
9.O-O d6 10.Qd3 a6 11.Bg5 Bf5 12.Qd2 Rb8 13.Rac1 b5 14.Nd5 Be6 15.Bxf6 exf6
16.cxb5 axb5 17.Nb4 Qa5 18.a3 f5 19.Rfd1 Rfc8 20.Rxc8+ Rxc8 21.Qxd6 Bf6 22.Nc6 Qc7
23.Qd2 Qb6 24.Rc1 Kg7 25.e3 Rc7 26.Nd4 Rxc1+ 27.Qxc1 Bc4 28.Bf1 Bxf1 29.Kxf1 b4
30.axb4 Qxb4 31.Qc3 Qb7 32.h4 Qh1+ 33.Ke2 Qb1 34.b3 Qa2+ 35.Qc2 Qa3 36.Nf3 Qa6+
37.Qd3 Qa1 38.Nd2 Qb2 39.Kd1 Qa1+ 40.Qb1 Qa8 41.Ke2 Qa6+ 42.Nc4 Qb5 43.Qd3 Qa6
44.Kf3 Qb7+ 45.Ke2 Qa6 46.Kf1 h5 47.e4 fxe4 48.Qxe4 Qb5 49.Qd3 Qb7 50.Ne3 Qh1+
51.Ke2 Qa1 52.Nd5 Qb2+ 53.Kf3 Be5 54.Ne3 Bf6 55.Qc2 Qa1 56.b4 Qa6 57.Qc4 Qb7+
58.Nd5 Be5 59.b5 Qd7 60.Kg2 Qf5 61.b6 Qb1 62.Qb4 Qd3 63.Ne3 Bd6 64.Qc4 Qd2
65.b7 Qb2 66.Qd5 Bb8 67.Nc4 Qf6 68.Qf3 Qe6 69.Na5 Bc7 70.Nc6 Qd6 71.Qc3+ Kh7
72.Qc4 Kg7 73.Qb5 Qe6 74.b8=Q Bxb8 75.Nxb8 Qd6 76.Nc6 Qd1 77.Qe5+ Kh7 78.Nd4 Qa1
79.Qd5 Kg7 80.Qxf7+ Kxf7 81.Kf3 Kf6 82.Kf4 Kf7 83.Kg5 Kg7 84.f3 Kf7 85.Kh6 Kf6
86.g4  1-0

[Event "VI World Blitz"]
[Site "Moscow RUS"]
[Date "2010.11.17"]
[Round "20.2"]
[White "Nepomniachtchi,I"]
[Black "Kramnik,V"]
[Result "1-0"]
[WhiteElo "2720"]
[BlackElo "2791"]

1.e4 d6 2.d4 Nf6 3.Nc3 g6 4.f3 a6 5.a4 Bg7 6.Be3 O-O 7.g4 c5 8.d5 Qa5 9.Ra3 Nbd7
10.h4 Ne5 11.Be2 Bxg4 12.fxg4 Nxe4 13.Rh3 f5 14.gxf5 Rxf5 15.Nf3 Ng4 16.Qd3 Ngf6
17.Bd2 Nxd2 18.Nxd2 Rf8 19.Rb3 b5 20.axb5 axb5 21.Ra3 Qb4 22.Qxb5 Qf4 23.Nd1 Bh6
24.Nf1 Qc1 25.Raf3 Re5 26.Kf2 Qxc2 27.Nde3 Bxe3+ 28.Nxe3 Qd2 29.Kg2 Rxe3
30.Rxe3 Nxd5 31.Qc4 e6 32.Ref3 Nf4+ 33.Rxf4 Rxf4 34.Qxe6+ Kg7 35.Rf3 Rxf3
36.Kxf3 Qxb2 37.Qe7+ Kh6 38.Qf8+ Qg7 39.Qf4+ g5 40.Qxd6+ Kh5 41.Kg3+ g4 42.Qxc5+ Kh6
43.Qe3+ Kg6 44.Qg5+ Kf7 45.Bc4+ Kf8 46.Qd8+  1-0

[Event "VI World Blitz"]
[Site "Moscow RUS"]
[Date "2010.11.17"]
[Round "20.2"]
[White "Nepomniachtchi,I"]
[Black "Kramnik,V"]
[Result "1-0"]
[WhiteElo "2720"]
[BlackElo "2791"]

1.e4 d6 2.d4 Nf6 3.Nc3 g6 4.f3 a6 5.a4 Bg7 6.Be3 O-O 7.g4 c5 8.d5 Qa5 9.Ra3 Nbd7
10.h4 Ne5 11.Be2 Bxg4 12.fxg4 Nxe4 13.Rh3 f5 14.gxf5 Rxf5 15.Nf3 Ng4 16.Qd3 Ngf6
17.Bd2 Nxd2 18.Nxd2 Rf8 19.Rb3 b5 20.axb5 axb5 21.Ra3 Qb4 22.Qxb5 Qf4 23.Nd1 Bh6
24.Nf1 Qc1 25.Raf3 Re5 26.Kf2 Qxc2 27.Nde3 Bxe3+ 28.Nxe3 Qd2 29.Kg2 Rxe3
30.Rxe3 Nxd5 31.Qc4 e6 32.Ref3 Nf4+ 33.Rxf4 Rxf4 34.Qxe6+ Kg7 35.Rf3 Qxb2
36.Qe7+ Kh6 37.Qf8+ Qg7 38.Qxf4+ g5 39.Qxd6+ Kh5 40.Kg3 g4 41.Qxc5+ Kh6 42.Qe3+ Kg6
43.Qg5+  1-0

[Event "VI World Blitz"]
[Site "Moscow RUS"]
[Date "2010.11.17"]
[Round "25.9"]
[White "Karjakin,Sergey"]
[Black "Kramnik,V"]
[Result "1-0"]
[WhiteElo "2760"]
[BlackElo "2791"]

1.e4 g6 2.d4 Bg7 3.Nc3 d6 4.f4 Nf6 5.Nf3 O-O 6.Bd3 Na6 7.O-O c5 8.d5 Rb8
9.h3 Nc7 10.a4 a6 11.a5 e6 12.dxe6 fxe6 13.e5 Nh5 14.Ng5 c4 15.Bxc4 dxe5
16.Qxd8 Rxd8 17.fxe5 Bxe5 18.Nce4 Bd4+ 19.Kh1 Bd7 20.g4 Bc6 21.gxh5 h6 22.Bd3 hxg5
23.Bxg5 Rd5 24.h4 gxh5 25.Kh2 Bxb2 26.Nf6+ Kh8 27.Nxd5 Nxd5 28.Rab1 Be5+
29.Kh3 Kg7 30.Rbe1 Bd6 31.c4 Nb4 32.Bf6+ Kh6 33.Be4 Bd7 34.Rg1 e5+ 35.Kh2 Bg4
36.Rgf1 Nc6 37.Rb1 Nd4 38.Rb6 Nc6 39.Bg5+ Kg7 40.Rf6 Bc7 41.Rb1 Rf8 42.Rg6+ Kh8
43.Rxb7 Nd4 44.Rxc7  1-0

[Event "VI World Blitz"]
[Site "Moscow RUS"]
[Date "2010.11.17"]
[Round "26.3"]
[White "Kramnik,V"]
[Black "Svidler,P"]
[Result "0-1"]
[WhiteElo "2791"]
[BlackElo "2722"]

1.c4 e5 2.Nc3 Nf6 3.Nf3 Nc6 4.g3 Nd4 5.Bg2 Nxf3+ 6.Bxf3 Bb4 7.O-O O-O 8.d3 c6
9.Bd2 Re8 10.Rc1 a6 11.Bg2 h6 12.e4 Bc5 13.Na4 Ba7 14.c5 d6 15.b4 dxc5 16.Nxc5 Bxc5
17.bxc5 Qxd3 18.Ba5 Qa3 19.Qd2 Be6 20.Rc2 Re7 21.Rb1 Rd7 22.Qc3 Rd3 23.Qxa3 Rxa3
24.Bc7 Nd7 25.Rxb7 Rxa2 26.Rxa2 Bxa2 27.Bd6 Be6 28.f4 Nf6 29.Bxe5 a5 30.f5 Bc4
31.Bxf6 gxf6 32.e5 a4 33.Bxc6 a3 34.Rb1 a2 35.Ra1 Rc8 36.Bd7 Rxc5 37.e6 Kf8
38.exf7 Bxf7 39.Be6 Bxe6  0-1

[Event "VI World Blitz"]
[Site "Moscow RUS"]
[Date "2010.11.18"]
[Round "30"]
[White "Kramnik,V"]
[Black "Grischuk,A"]
[Result "0-1"]
[WhiteElo "2791"]
[BlackElo "2771"]

1.d4 Nf6 2.c4 e6 3.g3 Bb4+ 4.Bd2 Be7 5.Bg2 d5 6.Qc2 O-O 7.e3 b6 8.cxd5 exd5
9.Ne2 Ba6 10.Nbc3 c5 11.O-O Nc6 12.Qa4 Bb7 13.dxc5 bxc5 14.Rfd1 Nb4 15.Nb5 a6
16.Nbd4 cxd4 17.Nxd4 a5 18.Bc3 Qe8 19.Qxe8 Rfxe8 20.a3 Nc6 21.Nb5 Rac8 22.Bxf6 gxf6
23.Bxd5 Ba8 24.e4 Red8 25.Kg2 Kf8 26.Rac1 Ne5 27.Nc7 Bxd5 28.Nxd5 Nc4 29.b4 axb4
30.axb4 Na3 31.Ra1 Nb5 32.Ra5 Nc3 33.Nxe7 Nxd1 34.Nxc8 Rxc8 35.Ra2 Rb8 36.Rd2 Nc3
37.Rd4 Na2 38.Rd6 Kg7 39.h4 Rxb4 40.f3 Nc3 41.Kh3 Rb7 42.Rd3 Na4 43.Kg4 Nc5
44.Rd5 Ne6 45.f4 Rb4 46.e5 fxe5 47.Rxe5  0-1

[Event "VI World Blitz"]
[Site "Moscow RUS"]
[Date "2010.11.18"]
[Round "33"]
[White "Gelfand,B"]
[Black "Kramnik,V"]
[Result "1/2-1/2"]
[WhiteElo "2741"]
[BlackElo "2791"]

1.d4 d6 2.Nf3 g6 3.g3 Bg7 4.Bg2 f5 5.O-O Nf6 6.b3 O-O 7.Bb2 c6 8.c4 a5 9.Qc2 Na6
10.Nbd2 Rb8 11.a3 b5 12.Rac1 Bd7 13.Ba1 Kh8 14.Rfe1 Nc7 15.e4 fxe4 16.Nxe4 bxc4
17.bxc4 Bf5 18.Nh4 Bxe4 19.Bxe4 Nxe4 20.Qxe4 d5 21.cxd5 Nxd5 22.Rxc6 Rb3
23.Rc5 Nf6 24.Qc2 Rxa3 25.Bb2 Ra2 26.Qb3 Rxb2 27.Qxb2 Ng4 28.Re4 Nxf2 29.Nxg6+ hxg6
30.Rh4+ Kg8 31.Qa2+ Rf7 32.Qc4 Qd7 33.Rc8+ Bf8 34.Rxf8+  1/2-1/2

[Event "20th Amber Blindfold"]
[Site "Monaco MNC"]
[Date "2011.03.13"]
[Round "2"]
[White "Kramnik,V"]
[Black "Anand,V"]
[Result "1/2-1/2"]
[WhiteElo "2785"]
[BlackElo "2817"]

1.Nf3 c5 2.c4 Nf6 3.Nc3 Nc6 4.e3 d5 5.cxd5 Nxd5 6.Bb5 e6 7.Ne5 Bd7 8.Bxc6 Bxc6
9.Nxc6 bxc6 10.b3 Nxc3 11.dxc3 Qxd1+ 12.Kxd1 O-O-O+ 13.Kc2 Be7 14.e4 h5 15.Be3 g6
16.Rad1 Kb7 17.Rd3 c4 18.bxc4 c5 19.e5 Kc6 20.Rxd8 Rxd8 21.h4 Rd7 22.f3 Rd8
23.g3 Rb8 24.Bh6 Rh8 25.Be3 Rb8 26.Rd1 Kc7 27.Bf2 Kc6 28.Bg1 Kc7 29.Be3 Rd8
30.Rb1 a6 31.Bf2 Kc6 32.a4 Kc7 33.g4 Rh8 34.Kd3 Rb8 35.Rg1 Rh8 36.Ke4 Kc6
37.Rh1 Bd8 38.Rd1 Bc7 39.Rb1 Ba5 40.Rd1 Rd8 41.Rxd8  1/2-1/2

[Event "20th Amber Blindfold"]
[Site "Monaco MNC"]
[Date "2011.03.17"]
[Round "5"]
[White "Kramnik,V"]
[Black "Gelfand,B"]
[Result "0-1"]
[WhiteElo "2785"]
[BlackElo "2733"]

1.d4 d5 2.c4 c6 3.Nc3 Nf6 4.cxd5 cxd5 5.Bf4 Nc6 6.e3 Bf5 7.Rc1 a6 8.Nf3 e6
9.Qb3 Bd6 10.Qxb7 Na5 11.Qxa8 Qxa8 12.Bxd6 Kd7 13.Bc5 Rb8 14.Ne5+ Ke8 15.b4 Nb7
16.Na4 Nxc5 17.bxc5 Qb7 18.Nb6 Qc7 19.Kd1 Ne4 20.Nd3 Rxb6 21.cxb6 Qxb6 22.f3 Nd6
23.Nc5 Qb2 24.g4 Bb1 25.Bxa6 Bxa2 26.Rc2 Qb1+ 27.Rc1 Bb3+ 28.Kd2 Qb2+ 29.Kd3 Bc4+
30.Bxc4 dxc4+ 31.Rxc4 Nxc4 32.Kxc4 Qe2+ 33.Kc3 Qxe3+ 34.Nd3 Qxf3 35.Ra1 f6
36.g5 e5 37.Kc4 Qe4  0-1

[Event "20th Amber Blindfold"]
[Site "Monaco MNC"]
[Date "2011.03.18"]
[Round "6"]
[White "Kramnik,V"]
[Black "Giri,A"]
[Result "1/2-1/2"]
[WhiteElo "2785"]
[BlackElo "2690"]

1.Nf3 Nf6 2.c4 e6 3.g3 d5 4.b3 Be7 5.Bg2 O-O 6.Bb2 c5 7.O-O Nc6 8.e3 b6 9.Nc3 Ba6
10.Qe2 Qd7 11.Rfd1 Rac8 12.d4 cxd4 13.exd4 Rfd8 14.Ne5 Qe8 15.Qf3 Bb7 16.Qf4 dxc4
17.Nxc4 Na5 18.Bxb7 Nxb7 19.d5 exd5 20.Ne3 Bd6 21.Qf3 Be5 22.Nexd5 Nxd5 23.Rxd5 Qc6
24.Rad1 Re8 25.Nb5 Bxb2 26.Nxa7 Qf6 27.Qxf6 Bxf6 28.Nxc8 Rxc8 29.Rb5 Rc6
30.b4 Kf8 31.Rbd5 Ke8 32.a4 Be7 33.a5 bxa5 34.bxa5 Nd6 35.Rb1 Kd7 36.Rb8 Ra6
37.h4 Bd8 38.Rbb5 f6 39.Rb8 Bxa5 40.Rg8 Ke6 41.Rd1 Kf7 42.Rh8 h6 43.Ra1 Ne8
44.h5 Ra7 45.Kg2 Bb6 46.Rxa7+ Bxa7 47.g4 Bb8 48.f3 Bd6 49.Kh3 Bf8 50.f4 Nc7
51.Kg3 Nd5 52.Kf3 Ne7 53.g5 fxg5 54.fxg5 hxg5 55.Kg4 Ng8 56.Kxg5 Be7+ 57.Kf5 Bf6
58.Rxg8 Kxg8 59.Kg6  1/2-1/2

[Event "20th Amber Blindfold"]
[Site "Monaco MNC"]
[Date "2011.03.20"]
[Round "8"]
[White "Kramnik,V"]
[Black "Gashimov,V"]
[Result "1/2-1/2"]
[WhiteElo "2785"]
[BlackElo "2746"]

1.Nf3 c5 2.c4 Nc6 3.e3 Nf6 4.Nc3 g6 5.d4 cxd4 6.exd4 d5 7.cxd5 Nxd5 8.Qb3 e6
9.Bb5 Bg7 10.O-O O-O 11.Rd1 h6 12.Bxc6 bxc6 13.Ne4 Qb6 14.Nc5 e5 15.Qc4 exd4
16.Nxd4 Re8 17.h3 Rb8 18.a3 Qc7 19.b4 Rd8 20.Bb2 a5 21.Nd3 Rd6 22.Rac1 Nb6
23.Qc5 Na4 24.Nb5 Nxc5 25.Nxc7 Rxd3 26.Bxg7 Rxd1+ 27.Rxd1 Kxg7 28.bxc5 Kf8
29.Rd8+ Ke7 30.Rh8 Rb1+ 31.Kh2 Bd7 32.Na8 Rb5 33.Nb6 Rxc5 34.Nxd7 Kxd7 35.Rxh6 Rc3
36.h4 Rxa3 37.g4 a4 38.h5 gxh5 39.Rxh5 Ra1 40.Rf5 Ke7 41.Rc5 Kd6 42.Rf5 Ke6
43.Rc5 Kd6 44.Rf5 a3 45.Rxf7 Ke6 46.Rc7 Rc1 47.Ra7 Rc3 48.f4 Rf3 49.Ra4 c5
50.Kg2 Rb3 51.Ra6+ Kd5 52.g5 Ke4 53.g6 a2 54.Rxa2 Rb6  1/2-1/2

[Event "20th Amber Blindfold"]
[Site "Monaco MNC"]
[Date "2011.03.23"]
[Round "10"]
[White "Kramnik,V"]
[Black "Ivanchuk,V"]
[Result "1/2-1/2"]
[WhiteElo "2785"]
[BlackElo "2779"]

1.Nf3 Nf6 2.c4 e6 3.g3 d5 4.d4 Bb4+ 5.Bd2 Be7 6.Bg2 c6 7.Qc2 O-O 8.O-O b6
9.Rd1 Nbd7 10.Bf4 Bb7 11.Ne5 Rc8 12.Nc3 Nh5 13.Bc1 f5 14.Qa4 Nxe5 15.dxe5 Qc7
16.cxd5 cxd5 17.Qxa7 Bc5 18.Bf3 f4 19.g4 Ng3 20.b4 Ra8 21.Nxd5 Nxe2+ 22.Kf1 Rxa7
23.Nxc7 Bxf3 24.Nxe6 Nc3 25.bxc5 Nxd1 26.cxb6 Ra4 27.Nxf8 Kxf8 28.Rb1 Rxa2
29.b7 Rxf2+ 30.Ke1 Re2+ 31.Kf1 Rf2+ 32.Ke1  1/2-1/2

[Event "40th Olympiad Open"]
[Site "Istanbul TUR"]
[Date "2012.09.05"]
[Round "8.1"]
[White "Kramnik,V"]
[Black "Ivanchuk,V"]
[Result "1/2-1/2"]
[WhiteElo "2797"]
[BlackElo "2769"]

1.Nf3 d6 2.d4 Nf6 3.c4 g6 4.Nc3 Bf5 5.e3 Bg7 6.Bd3 Bxd3 7.Qxd3 Nbd7 8.b3 O-O
9.Bb2 e5 10.dxe5 dxe5 11.Rd1 Qe7 12.O-O Rfd8 13.Qc2 c6 14.Rd2 h6 15.Rfd1 e4
16.Nd4 h5 17.h3 h4 18.Nde2 Nf8 19.Nf4 Rxd2 20.Qxd2 N6d7 21.Qd6 Qxd6 22.Rxd6 Nc5
23.Na4 Nxa4 24.Bxg7 Kxg7 25.bxa4 Re8 26.a5 a6 27.Rd2 Re5 28.Rb2 Rxa5 29.Rxb7 Rxa2
30.Rc7 Ra1+ 31.Kh2 Rf1 32.Rxc6 Rxf2 33.Rxa6 Rc2 34.Rd6 Rxc4 35.Kg1 Nh7 36.Rd7 Rc6
37.Re7 Nf6 38.Re5 Ra6 39.Ne2 Ra1+ 40.Kf2 Ra2 41.Kf1 Rd2 42.Nf4 Kh6 43.Ke1 Rd7
44.Kf2 g5 45.Ne2 Rd2 46.Ke1 Ra2 47.Kf1 Ra3 48.Kf2 Ra2 49.Kf1 Rc2 50.g3 hxg3
51.Nxg3 Rh2 52.Nxe4 Nxe4 53.Rxe4 Rxh3 54.Kg2 Rh4 55.Re8 Kg6 56.Kg3 f5 57.Rg8+ Kf6
58.Rf8+ Ke6 59.Rg8 Rg4+ 60.Kf3 Kf7 61.Ra8 Re4 62.Ra6 Re6 63.Ra4 Kg6 64.Ra8 Kf6
65.Ra4 Rb6 66.Ra8 Rb5 67.Rf8+ Kg7 68.Re8 Rb3 69.Ra8 Kg6 70.Rg8+ Kf6 71.Rf8+ Ke6
72.Rg8 g4+ 73.Kf4 Rb4+ 74.Kg3 Re4 75.Re8+ Kd5 76.Rd8+ Kc5 77.Kf2 Re5  1/2-1/2

[Event "Zuerich Chess Challenge Blitz"]
[Site "Zuerich SUI"]
[Date "2013.02.22"]
[Round "3.2"]
[White "Caruana,F"]
[Black "Kramnik,V"]
[Result "1/2-1/2"]
[WhiteElo "2757"]
[BlackElo "2810"]

1.e4 g6 2.d4 Bg7 3.Nc3 c6 4.Be3 d6 5.Qd2 Nd7 6.h4 Ngf6 7.f3 b5 8.g4 Nb6 9.h5 Rg8
10.Nh3 b4 11.Nd1 a5 12.a3 bxa3 13.Rxa3 Ba6 14.Bxa6 Rxa6 15.Qe2 Ra8 16.c4 Nfd7
17.Nc3 e6 18.Kf2 gxh5 19.g5 Qe7 20.Nf4 h6 21.Nxh5 hxg5 22.Nxg7+ Rxg7 23.Rh8+ Nf8
24.Rb3 Nd7 25.Rb7 g4 26.fxg4 Rh7 27.Rxh7 Nxh7 28.Qf3 Qh4+ 29.Qg3 Qxg3+ 30.Kxg3 a4
31.Bc1 Nhf8 32.Rb4 c5 33.dxc5 Nxc5 34.Nb5 Kd7 35.Be3 Nd3 36.Bd2 Nxb4 37.Bxb4 Ra6
38.e5 Ng6 39.Bxd6 Rc6 40.c5 Ne7 41.Kf4 Ra6 42.Kg5 Nd5 43.Nd4 Ra8 44.c6+ Ke8
45.Kh6 Ne3 46.Kg5 Nc4 47.Nb5 Rc8 48.c7 Nxb2 49.Na7 Kd7 50.Nxc8 Kxc8 51.Kf6 Nc4
52.Kxf7 a3 53.Bxa3 Nxe5+ 54.Kxe6 Nxg4  1/2-1/2

[Event "Zuerich Chess Challenge Blitz"]
[Site "Zuerich SUI"]
[Date "2013.02.22"]
[Round "5.2"]
[White "Anand,V"]
[Black "Kramnik,V"]
[Result "0-1"]
[WhiteElo "2780"]
[BlackElo "2810"]

1.e4 e5 2.Nf3 Nf6 3.Nxe5 d6 4.Nf3 Nxe4 5.Nc3 Nf6 6.d4 Be7 7.Bd3 O-O 8.h3 Re8
9.O-O Nbd7 10.Re1 Nf8 11.Bg5 Be6 12.Qd2 Ng6 13.d5 Bd7 14.Bf1 h6 15.Be3 c5
16.dxc6 bxc6 17.Bd4 Be6 18.Bd3 Nf8 19.Ne4 Nxe4 20.Bxe4 d5 21.Bd3 c5 22.Be5 Qb6
23.c3 a5 24.b3 Red8 25.Rab1 Nd7 26.Bf4 Bf8 27.Ne5 Nf6 28.Qe2 Rac8 29.Qf3 Qa7
30.Bxh6 c4 31.Bf1 cxb3 32.axb3 d4 33.c4 Qa8 34.Qxa8 Rxa8 35.Bg5 Bb4 36.Red1 Rac8
37.Nf3 Bc3 38.Bd3 Rc5 39.Bd2 Rb8 40.Bxc3 dxc3 41.Rdc1 a4 42.Rxc3 Nd5 43.Rcc1 Nf4
44.Bf1 axb3 45.Rxb3  0-1

[Event "Zuerich Chess Challenge Blitz"]
[Site "Zuerich SUI"]
[Date "2013.02.22"]
[Round "6.2"]
[White "Kramnik,V"]
[Black "Caruana,F"]
[Result "0-1"]
[WhiteElo "2810"]
[BlackElo "2757"]

1.c4 Nf6 2.Nc3 e5 3.e3 Bb4 4.Nge2 O-O 5.a3 Bxc3 6.Nxc3 c6 7.d4 e4 8.d5 d6
9.dxc6 Nxc6 10.Be2 Be6 11.O-O Rc8 12.b3 Qe7 13.Ra2 Rfd8 14.Rd2 h5 15.Bb2 h4
16.Nb5 Ne8 17.Bg4 f5 18.Bh5 a6 19.Bxe8 axb5 20.Bxc6 bxc6 21.cxb5 cxb5 22.Qh5 Rc5
23.Bd4 Rd5 24.f4 exf3 25.Qxf3 Qf7 26.Qf4 Qh5 27.h3 Rc8 28.Kh2 Bd7 29.g3 g5
30.Qf2 hxg3+ 31.Qxg3 Kh7 32.Rdf2 Be6 33.Rg1 f4 34.Qg2 Rxd4 35.exd4 Rc3 36.Qe4+ Qg6
37.Qb7+ Kh6 38.Rf3 Rc2+ 39.Kh1 Qf5 40.Qa8 Bd5 41.Qh8+ Kg6 42.Qe8+ Kg7 43.Qe7+ Kh6
44.Qxd6+ Kh5  0-1

[Event "8th Tal Mem Blitz"]
[Site "Moscow RUS"]
[Date "2013.06.12"]
[Round "3"]
[White "Kramnik,V"]
[Black "Andreikin,D"]
[Result "1-0"]
[WhiteElo "2803"]
[BlackElo "2713"]

1.Nf3 b6 2.e4 Bb7 3.Nc3 e6 4.d4 Bb4 5.Bd3 Nf6 6.Nd2 d5 7.e5 Nfd7 8.O-O c5
9.Qg4 g6 10.Nb5 cxd4 11.Nf3 Nc6 12.Qf4 Bc5 13.Re1 Ba6 14.a3 Bxb5 15.Bxb5 Qc7
16.b4 Be7 17.Bb2 O-O 18.Nxd4 Nxd4 19.Bxd4 a6 20.Bd3 f5 21.c3 Nb8 22.h4 Nc6
23.c4 Rad8 24.Bb2 Qb7 25.cxd5 exd5 26.e6 Bf6 27.Bxf6 Rxf6 28.Rac1 Re8 29.Bxa6 Qb8
30.Qxb8 Nxb8 31.Bb5 Re7 32.Rc8+ Rf8 33.Rec1 Rb7 34.e7  1-0

[Event "8th Tal Mem Blitz"]
[Site "Moscow RUS"]
[Date "2013.06.12"]
[Round "6"]
[White "Kramnik,V"]
[Black "Caruana,F"]
[Result "1-0"]
[WhiteElo "2803"]
[BlackElo "2774"]

1.Nf3 c5 2.b3 d6 3.e3 e5 4.Bb2 f5 5.Bb5+ Bd7 6.Bxd7+ Qxd7 7.O-O Nf6 8.c4 Be7
9.d4 cxd4 10.exd4 e4 11.Ng5 d5 12.Nc3 O-O 13.Nh3 Nc6 14.Nf4 dxc4 15.d5 Ne5
16.Ne6 Rfc8 17.Nxe4 fxe4 18.Bxe5 Qxd5 19.Qxd5 Nxd5 20.Rad1 Rc6 21.Nxg7 Nb6
22.Nf5 Bc5 23.Bd4 Bb4 24.Bxb6 axb6 25.Rd4 Rxa2 26.bxc4 Re6 27.Ng3 e3 28.Rd8+ Kf7
29.fxe3+ Ke7 30.Rb8 Bc5 31.Rxb7+ Kd6 32.Nf5+ Kc6 33.Rxh7 Rc2 34.Rh4 Rg6 35.g3 Kb7
36.Rf2 Rc3 37.Re4 Rc6 38.h4 Bb4 39.Rff4 Rc2 40.h5 Rc7 41.h6 Be1 42.Rh4 Rd7
43.Rd4 Rh7 44.Rdg4 Bc3 45.Rg7+  1-0

[Event "8th Tal Mem Blitz"]
[Site "Moscow RUS"]
[Date "2013.06.12"]
[Round "9"]
[White "Gelfand,B"]
[Black "Kramnik,V"]
[Result "1/2-1/2"]
[WhiteElo "2755"]
[BlackElo "2803"]

1.d4 d5 2.c4 e6 3.Nc3 Nf6 4.Bg5 Be7 5.e3 h6 6.Bh4 O-O 7.Rc1 b6 8.cxd5 Nxd5
9.Nxd5 exd5 10.Bxe7 Qxe7 11.Ne2 Bb7 12.g3 Qe4 13.Rg1 Qe7 14.Bg2 Rd8 15.Nf4 Na6
16.Bf1 c5 17.Be2 cxd4 18.exd4 Rac8 19.Kf1 Rxc1 20.Qxc1 Rc8 21.Qe3 Qxe3 22.fxe3 Rc2
23.Nd3 Bc8 24.Ke1 Bf5 25.Rf1 Be4 26.Kd1 Nb4 27.Nxb4 Rxb2 28.a3 a5 29.Nc6 Rb3
30.a4 f5 31.Bb5 Rb2 32.h4 Kf7 33.Ne5+ Ke6 34.Nd7 Rg2 35.Nxb6 Rxg3 36.Kd2 Rg2+
37.Kc3 Rg3 38.Kd2 Rg2+ 39.Be2 g5 40.hxg5 hxg5 41.Ke1 g4 42.Rf2 Rg1+ 43.Rf1 Rg2
44.Rf2 Rg1+ 45.Rf1  1/2-1/2